México realización y esperanza

Salvato in:
Dettagli Bibliografici
Natura: Libro
Lingua:spagnolo
Pubblicazione: Ciudad de México Superación 1952
Soggetti:
Tags: Aggiungi Tag
Nessun Tag, puoi essere il primo ad aggiungerne!!

MARC

LEADER 00000nam a2200000 a 4500
001 UCY9190
003 CL-VaPUC
008 950713e19520000MX |||||||||||||||||spa|d
082 0 4 |a 972  |b MEX  |2 21 
245 1 0 |a México realización y esperanza 
300 |a 782 p 
942 |c BK 
945 |d 19950713 00:00:00  |a rbrito 
260 |a Ciudad de México  |b Superación  |c 1952 
650 0 |a Historia  |9 255047 
650 0 |a Pintura mexicana   |9 341256 
650 0 |a Arquitectura mexicana  |9 341257 
650 0 |a Educación  |9 258661 
650 0 |a Cultura  |9 269059 
651 0 |a México  |9 255269 
583 |a last modification  |c 19950713 00:00:00  |k Rodrigo Vera 
999 |c 236318  |d 236316 
952 |0 0  |1 0  |4 0  |6 972_000000000000000_MEX_1952  |7 0  |8 A  |9 244361  |a BIBHIS  |b BIBHIS  |d 2019-11-18  |i 2005581  |o 972 MEX 1952  |p 2005581  |r 2025-01-20  |w 2019-11-18  |y BK  |k HIS